Kelakuan organisasi
| Main Author: | |
|---|---|
| Format: | Book |
| Published: |
Kuala Lumpur :
Leeds Publication ,
1996
|
| Subjects: |
MARC
| LEADER | 00000cam a2200000 7i4500 | ||
|---|---|---|---|
| 001 | 0000004455 | ||
| 005 | 20050428.0 | ||
| 020 | |a ISBN 9839839403 | ||
| 040 | |a INS | ||
| 090 | 0 | 0 | |a HD58.7. |b J323 1996 |
| 100 | 0 | |a Jaafar Muhamad | |
| 245 | 0 | 0 | |a Kelakuan organisasi |c Jaafar Muhamad |
| 260 | |a Kuala Lumpur : |b Leeds Publication , |c 1996 | ||
| 300 | |a 480p. | ||
| 650 | 0 | 0 | |a Organizational behaviour |
| 999 | |a 0000006419 |b BOOK |c Open Shelf |e Default branch | ||